Central Library OPAC University of Rajshahi

Tennyson, In memoriam / (Record no. 56272)

MARC details
000 -LEADER
fixed length control field 00806nam a2200253 a 4500
001 - CONTROL NUMBER
control field 56272
003 - CONTROL NUMBER IDENTIFIER
rucl marc code BD-RjUL
005 - DATE AND TIME OF LATEST TRANSACTION
control field 20211209080357.0
008 - FIXED-LENGTH DATA ELEMENTS--GENERAL INFORMATION
fixed length control field 940630s1964 enk b 001 0 eng d
035 ## - SYSTEM CONTROL NUMBER
System control number (BD-RjUL)56396
040 ## - CATALOGING SOURCE
Original cataloging agency BD-RjUL
Language of cataloging eng
Transcribing agency BD-RjUL
Modifying agency BD-RjUL
041 ## - LANGUAGE CODE
Language code of text/sound track or separate title eng
082 ## - DEWEY DECIMAL CLASSIFICATION NUMBER
Edition number 23
Classification number 821
Author mark and year GRT 1964
100 1# - MAIN ENTRY--PERSONAL NAME
Personal name Gransden, K. W.
9 (RLIN) 167444
245 10 - TITLE STATEMENT
Title Tennyson, In memoriam /
Statement of responsibility, etc. by K.W. Gransden.
260 ## - PUBLICATION, DISTRIBUTION, ETC. (IMPRINT)
Place of publication, distribution, etc. London :
Name of publisher, distributor, etc. Edward Arnold,
Date of publication, distribution, etc. c1964.
300 ## - PHYSICAL DESCRIPTION
Pagination 72 p. ;
Size 20 cm
490 1# - SERIES STATEMENT
Series statement Studies in English literature ;
Volume/sequential designation 22
500 ## - GENERAL NOTE
General note Includes index.
600 10 - SUBJECT ADDED ENTRY--PERSONAL NAME
Personal name Tennyson, Alfred Tennyson,
Titles and other words associated with a name Baron,
Dates associated with a name 1809-1892.
Title of a work In memoriam.
650 ## - SUBJECT ADDED ENTRY--TOPICAL TERM
Topical term or geographic name as entry element English literature
9 (RLIN) 167446
830 #0 - SERIES ADDED ENTRY--UNIFORM TITLE
Uniform title Studies in English literature (London, England) ;
Volume number/sequential designation no. 22.
942 ## - ADDED ENTRY ELEMENTS (KOHA)
Source of classification or shelving scheme Dewey Decimal Classification
Koha item type Books
Holdings
Lost status Source of classification or shelving scheme Damaged status Not for loan Collection code Permanent Location Current Location Shelving location Date acquired Source of acquisition Cost, normal purchase price Total Checkouts Full call number Date last seen Copy number Koha item type
  Dewey Decimal Classification     Non-fiction Central Library, University of Rajshahi Central Library, University of Rajshahi   08/11/1969 Zeitlinger 10.06   821 GRT 1964 28/11/2016 C-2 Books